000 01400cam a22003617a 4500
003 CHAP
005 20220329142504.0
008 010615d2000 mx d rs 00110 spa d
010 _a84213
011 _a85185
020 _a9701332539
035 _a95716
040 _cCHAP
082 0 4 _a381.0972
_bI5
110 2 _aInstituto Nacional de Estadística, Geografía e Informática. México
_959304
245 1 0 _aEncuesta anual de comercio
_c/por INEGI
260 _aAguascalientes, Ags. :
_bInstituto Nacional de Estadística, Geografía e Informática,
_c2000-
300 _av. :
_bcuadros
500 _aLa biblioteca tiene : 2000, 2001, 2005
590 _aBATCH-UPD
_b10
_c20130110
_lUCH01
_h1556
590 _aBATCH-UPD
_b10
_c20130410
_lUCH01
_h0953
590 _aBATCH-UPD
_b10
_c20130914
_lUCH01
_h1014
590 _aCONVERSION
_b10
_c20130109
_lUCH01
_h1347
650 1 4 _aComercio
_xEstadísticas
_zMéxico.
_925589
650 1 4 _aComercio
_zMéxico.
_925624
901 _aBK
905 _aMarco A. Mendoza T.
942 _cLIBRO
949 _a381.0972 I5
_bBC
_cINEGI
_d33724000813812
_eINEGI
_f2001
_gDonaciØn
_h102770
_i95716
_sb
949 _a381.0972 I5
_bBC
_cINEGI
_d33724000820106
_eINEGI
_f2000
_h100055
_i95716
_sb
949 _a381.0972 I5
_bBC
_cINEGI
_d33724000820114
_eINEGI
_f2000 c.2
_h100056
_i95716
_sb
949 _a381.0972 I5
_bBC
_cINEGI
_d33724002035397
_eINEGI
_f2005
_gDonaciØn
_h108681
_i95716
_sb
999 _c84213
_d84213